000 00568nam a2200169 i 4500
001 31390
003 ES-MaACL
007 t|
008 030129s1923 sp ||||1| spa d
100 1 _aBauer.
_926539
245 1 0 _aReducción e hidrogenación de los compuestos orgánicos /
_cBauer y Wieland ; traducido del alemán por Antonio García Banús.
260 _aMadrid, etc. :
_bCalpe,
_c1923 (
_eBarcelona :
_fGuniart y Pujolar)
300 _a342 p. ;
_c26 cm.
700 1 _aWieland.
_9116760
700 1 _aGarcía Banús, Antonio.
_954218
852 _aES-MaACL
_jB-4316
999 _c31390
_d31390